Study of the effects of potting medium on growing performance of dalbergia oliveri gramble expranin seedlin in the ដុះលូតលាស់របស់កូនឈើនាងនួនក្នុងថ្នាលបណ្ដុះបណ្ដាុលកូនឈើនៅមជ្ឈមណ្ឌលបណ្ដុះបណ្ដាលវិស័យព្រៃឈើនិងសត្វព្រៃ) (Record no. 3347)
[ view plain ]
| 000 -LEADER | |
|---|---|
| fixed length control field | 00780nam a22001577a 4500 |
| 003 - CONTROL NUMBER IDENTIFIER | |
| control field | OSt |
| 005 - DATE AND TIME OF LATEST TRANSACTION | |
| control field | 20151112111056.0 |
| 008 - FIXED-LENGTH DATA ELEMENTS--GENERAL INFORMATION | |
| fixed length control field | 151112b xxu||||| |||| 00| 0 eng d |
| 040 ## - CATALOGING SOURCE | |
| Transcribing agency | RUA |
| 082 ## - DEWEY DECIMAL CLASSIFICATION NUMBER | |
| Classification number | FOR HOR 2006 B133 Or.1 |
| 100 ## - MAIN ENTRY--PERSONAL NAME | |
| 9 (RLIN) | 3595 |
| Personal name | HORT, AINUNN. |
| 245 ## - TITLE STATEMENT | |
| Title | Study of the effects of potting medium on growing performance of dalbergia oliveri gramble expranin seedlin in the ដុះលូតលាស់របស់កូនឈើនាងនួនក្នុងថ្នាលបណ្ដុះបណ្ដាុលកូនឈើនៅមជ្ឈមណ្ឌលបណ្ដុះបណ្ដាលវិស័យព្រៃឈើនិងសត្វព្រៃ) |
| 260 ## - PUBLICATION, DISTRIBUTION, ETC. (IMPRINT) | |
| Place of publication, distribution, etc. | Phnom penh |
| Name of publisher, distributor, etc. | RUA |
| Date of publication, distribution, etc. | 2006 |
| 300 ## - PHYSICAL DESCRIPTION | |
| Extent | xi, 52p. |
| Other physical details | ill. |
| Dimensions | 29cm. |
| 942 ## - ADDED ENTRY ELEMENTS (KOHA) | |
| Source of classification or shelving scheme | |
| Koha item type | FOR |
| Price effective from | Date last seen | Permanent Location | Not for loan | Date acquired | Source of classification or shelving scheme | Koha item type | Lost status | Withdrawn status | Date last checked out | Total Checkouts | Shelving location | Damaged status | Barcode | Current Location | Full call number |
|---|---|---|---|---|---|---|---|---|---|---|---|---|---|---|---|
| 2015-11-12 | 2015-11-12 | Library Block B | 2015-11-12 | FOR | B133 | RUA028555 | Library Block B | FOR HOR 2006 B133 Or.1 | |||||||
| 2015-11-12 | 2015-11-12 | Library Block B | 2015-11-12 | FOR | B133 | RUA028892 | Library Block B | FOR HOR 2006 B133 Or.2 | |||||||
| 2015-11-12 | 2022-02-14 | Library Block B | 2015-11-12 | FOR | 2022-02-07 | 1 | B133 | RUA028820 | Library Block B | FOR HOR 2006 B133 Or.3 | |||||
| 2015-11-12 | 2015-11-12 | Library Block B | 2015-11-12 | FOR | B133 | RUA028963 | Library Block B | FOR HOR 2006 B133 Or.4 | |||||||
| 2015-11-12 | 2015-11-12 | Library Block B | 2015-11-12 | FOR | B133 | RUA028891 | Library Block B | FOR HOR 2006 B133 Or.5 | |||||||
| 2015-11-12 | 2015-11-12 | Library Block B | 2015-11-12 | FOR | B133 | RUA028819 | Library Block B | FOR HOR 2006 B133 Or.6 |